[Event "Open Nuevo Centro. Jornada 5"]
[Site "Chess.com"]
[Date "2020.07.17"]
[Round "2"]
[White "Bascuñana Sánchez, Pablo"]
[Black "Elenkov Olmo, Ivan"]
[Result "1-0"]
[WhiteElo "1562"]
[BlackElo "953"]
[PlyCount "103"]
[EventDate "2020.??.??"]

1. e4 e5 2. Nf3 Nc6 3. Bc4 d6 4. c3 b6 5. d4 exd4 6. cxd4 Qf6 7. Bb5 Bb7 8. d5
a6 9. Bxc6+ Bxc6 10. dxc6 h6 11. O-O Ne7 12. Qc2 d5 13. exd5 Nxd5 14. Re1+ Be7
15. Nc3 Nb4 16. Qe2 Nxc6 17. Nd5 Qd6 18. Nxe7 Nxe7 19. b3 Qf6 20. Ba3 c5 21. b4
O-O-O 22. Qxe7 Qxe7 23. Rxe7 cxb4 24. Bxb4 Rd5 25. Rxf7 Rhd8 26. h3 Rd1+ 27.
Rxd1 Rxd1+ 28. Kh2 Rb1 29. a3 a5 30. Be7 Rb2 31. Kg3 b5 32. Rxg7 b4 33. axb4
axb4 34. Nd4 b3 35. Ba3 Rb1 36. Nxb3 Rxb3+ 37. f3 Rxa3 38. Rg6 Ra7 39. Rxh6
Rg7+ 40. Kf2 Ra7 41. g4 Ra2+ 42. Kg3 Ra1 43. f4 Ra3+ 44. Kh4 Ra4 45. f5 Kd8 46.
Rh7 Ke8 47. Kg5 Kf8 48. h4 Kg8 49. Rb7 Ra8 50. Kg6 Ra6+ 51. f6 Ra4 52. Rb8# 1-0

[Event "Open Nuevo Centro. Jornada 5"]
[Site "Chess.com"]
[Date "2020.07.17"]
[Round "2"]
[White "Morata Briones, Carlos"]
[Black "Llorens Ferrer, Francisco"]
[Result "0-1"]
[WhiteElo "960"]
[BlackElo "1605"]
[PlyCount "82"]
[EventDate "2020.??.??"]

1. e4 c5 2. Bc4 e6 3. Nf3 a6 4. O-O b5 5. Bd3 Bb7 6. a3 c4 7. Be2 Bxe4 8. Nc3
Bb7 9. h3 Nf6 10. d4 d5 11. Bg5 Be7 12. Bf4 O-O 13. b3 Nc6 14. bxc4 dxc4 15. a4
b4 16. Na2 c3 17. Rb1 a5 18. Bb5 Bd6 19. Bd3 Bxf4 20. g3 Bc7 21. Kh2 g6 22. Rg1
Nxd4 23. Nxd4 Qxd4 24. Qe2 Bb6 25. Rgf1 Qd5 26. Rg1 Qxa2 27. Rbc1 Qd5 28. Rce1
Qh5 29. Qxh5 Nxh5 30. g4 Nf4 31. Bc4 Bxf2 32. Rgf1 Bxe1 33. Rxf4 Bd2 34. Rf2
Rad8 35. Rg2 Bxg2 36. Kxg2 Rd4 37. Ba2 Rfd8 38. Kf2 Bg5 39. Kg2 Rd2+ 40. Kf1
Rxc2 41. Bb1 Rd1# 0-1

[Event "Open Nuevo Centro. Jornada 5"]
[Site "Chess.com"]
[Date "2020.07.17"]
[Round "2"]
[White "Jordan Martinez, David"]
[Black "Sendra Tormo, Juan"]
[Result "1-0"]
[WhiteElo "2310"]
[BlackElo "2246"]
[PlyCount "51"]
[EventDate "2020.??.??"]

1. e4 c5 2. g3 h5 3. h4 Nc6 4. Bg2 Nf6 5. Ne2 d5 6. exd5 Nd4 7. Nxd4 cxd4 8. c3
Nxd5 9. Qa4+ Bd7 10. Qxd4 Bc6 11. O-O e6 12. d3 Be7 13. Nd2 Bf6 14. Qc5 g5 15.
hxg5 Bxg5 16. Ne4 Be7 17. Qd4 Rg8 18. b4 Qc7 19. b5 Bd7 20. c4 Nb4 21. Bf4 Qb6
22. c5 Qxb5 23. Nd6+ Bxd6 24. Bxd6 Nc6 25. Qf6 Rg6 26. Qh8+ 1-0

[Event "Open Nuevo Centro. Jornada 5"]
[Site "Chess.com"]
[Date "2020.07.17"]
[Round "2"]
[White "Kovacevic, Slobodan"]
[Black "Blanco Solaz, Ramón"]
[Result "1-0"]
[WhiteElo "2186"]
[BlackElo "1935"]
[PlyCount "73"]
[EventDate "2020.??.??"]

1. d4 g6 2. Nf3 Bg7 3. c3 c5 4. dxc5 Nf6 5. Qd4 O-O 6. e3 Nc6 7. Qc4 Ne8 8.
Nbd2 Nc7 9. Nd4 Ne5 10. Qa4 Ne6 11. Nxe6 dxe6 12. Be2 Qc7 13. Qf4 Qxc5 14. O-O
b6 15. Nb3 Qd5 16. e4 Qd8 17. Qg3 Bb7 18. f3 Qc7 19. Bf4 h6 20. h4 a5 21. a4
Kh7 22. Nd4 Rg8 23. Rfd1 Bf6 24. Nb5 Qb8 25. Kh1 g5 26. hxg5 hxg5 27. Be3 Rg6
28. Rd2 Bc6 29. Rad1 Kg7 30. Kg1 g4 31. f4 Bxe4 32. Rd8 Qxd8 33. Rxd8 Rxd8 34.
fxe5 Bg5 35. Bxg5 Rxg5 36. Qf4 Bf5 37. Qxg5+ 1-0

[Event "Open Nuevo Centro. Jornada 5"]
[Site "Chess.com"]
[Date "2020.07.17"]
[Round "2"]
[White "Segarra Martinez, Axel"]
[Black "Roca Cruz, Rafael"]
[Result "1-0"]
[WhiteElo "2221"]
[BlackElo "1830"]
[PlyCount "61"]
[EventDate "2020.??.??"]

1. e4 c5 2. Nf3 e6 3. d4 cxd4 4. Nxd4 Nf6 5. Nc3 Bb4 6. e5 Nd5 7. Qg4 O-O 8.
Bh6 g6 9. Qg3 Re8 10. h4 d6 11. Bd2 dxe5 12. Qxe5 Bd6 13. Qe4 Nf6 14. Qf3 e5
15. Ndb5 e4 16. Qe3 Ng4 17. Qd4 e3 18. Bxe3 Nxe3 19. fxe3 Bg3+ 20. Kd2 Qa5 21.
b4 Qd8 22. Qxd8 Rxd8+ 23. Bd3 Nc6 24. Ne4 Be5 25. Rab1 a6 26. Nbc3 Be6 27. Ng5
Bf5 28. Rhf1 h6 29. Nge4 Rd7 30. Nc5 Rd5 31. Nxd5 1-0

[Event "Open Nuevo Centro. Jornada 5"]
[Site "Chess.com"]
[Date "2020.07.17"]
[Round "2"]
[White "Valverde Alcaide, Miguel Alejandro"]
[Black "Cebolla Ruiz, David"]
[Result "0-1"]
[WhiteElo "864"]
[BlackElo "1515"]
[PlyCount "70"]
[EventDate "2020.??.??"]

1. d4 Nf6 2. c4 g6 3. Nc3 Bg7 4. Qd3 d6 5. h3 O-O 6. Be3 Bf5 7. Qd2 Nc6 8. Bh6
Nb4 9. Bxg7 Kxg7 10. a3 Nc2+ 11. Kd1 Nxa1 12. Nf3 Nb3 13. Qg5 Ne4 14. Nxe4 Bxe4
15. e3 Bxf3+ 16. gxf3 e5 17. h4 Qxg5 18. hxg5 exd4 19. exd4 Nxd4 20. Bd3 Nxf3
21. Rh6 Nxg5 22. Rh5 gxh5 23. Ke2 Rfe8+ 24. Kd2 Nf3+ 25. Kc3 h4 26. Bf1 Re1 27.
Bg2 Ng5 28. Kd2 Rg1 29. Bxb7 Rb8 30. Bd5 Rxb2+ 31. Kc3 Rxf2 32. Kb4 Rb1+ 33.
Kc3 c5 34. Kd3 Rbb2 35. Ke3 Rh2 0-1

[Event "Open Nuevo Centro. Jornada 5"]
[Site "Chess.com"]
[Date "2020.07.17"]
[Round "2"]
[White "Lloret Ramis, Juan José"]
[Black "Martínez Escandell, Alfonso"]
[Result "1/2-1/2"]
[WhiteElo "2004"]
[BlackElo "1744"]
[PlyCount "83"]
[EventDate "2020.??.??"]

1. c4 c5 2. Nc3 g6 3. Nf3 Bg7 4. g3 Nf6 5. Bg2 O-O 6. O-O Nc6 7. d4 cxd4 8.
Nxd4 Qb6 9. Nb3 d6 10. Be3 Qc7 11. h3 Ne5 12. c5 dxc5 13. Bxc5 Re8 14. Rc1 Nc6
15. Nb5 Qb8 16. N3d4 Nxd4 17. Bxd4 Rd8 18. Qa4 Bd7 19. Qb4 a5 20. Qxe7 Bxb5 21.
Bxf6 Re8 22. Qc5 Bxe2 23. Bxg7 Bxf1 24. Bc3 Bxg2 25. Qd4 Qe5 26. Qxe5 Rxe5 27.
Bxe5 Bxh3 28. Rc7 b5 29. f4 Be6 30. a3 a4 31. Rb7 Bc4 32. g4 Be2 33. g5 Bc4 34.
Kf2 Rc8 35. Ke3 Rd8 36. Bc3 Rd3+ 37. Kf2 Rd8 38. Be5 Re8 39. Ke3 Rd8 40. Bc3
Rd3+ 41. Kf2 Rd8 42. Ke3 1/2-1/2

[Event "Open Nuevo Centro. Jornada 5"]
[Site "Chess.com"]
[Date "2020.07.17"]
[Round "2"]
[White "Aguado, Pablo Luis"]
[Black "Randazzo, Adrián"]
[Result "0-1"]
[WhiteElo "1925"]
[BlackElo "2479"]
[PlyCount "76"]
[EventDate "2020.??.??"]

1. d4 Nf6 2. c4 c5 3. d5 b5 4. cxb5 a6 5. e3 g6 6. Nc3 Bg7 7. Bd2 O-O 8. a4 e6
9. e4 exd5 10. exd5 Re8+ 11. Be2 Bb7 12. Be3 Qa5 13. Bd2 axb5 14. Nxb5 Qb6 15.
Nf3 Nxd5 16. O-O Na6 17. Rb1 Nab4 18. Nc3 Nf6 19. Bb5 Red8 20. Bg5 d5 21. Re1
d4 22. Ne2 Bxf3 23. gxf3 h6 24. Bh4 g5 25. Bg3 d3 26. Nc3 Nfd5 27. Nxd5 Rxd5
28. Re7 Qf6 29. Rc7 h5 30. Bc4 Qf5 31. Bxd5 Qxd5 32. Qd2 h4 33. Re1 hxg3 34.
hxg3 Bf6 35. Rc1 Bd4 36. Re1 Bf6 37. Rc1 Na6 38. Re1 Nxc7 0-1

[Event "Open Nuevo Centro. Jornada 5"]
[Site "Chess.com"]
[Date "2020.07.17"]
[Round "2"]
[White "Cantero Navarro, Antonio"]
[Black "Granero Roca, Antonio"]
[Result "0-1"]
[WhiteElo "1876"]
[BlackElo "2437"]
[PlyCount "108"]
[EventDate "2020.??.??"]

1. e4 c6 2. c4 e5 3. Nc3 d6 4. d3 Nf6 5. g3 Be7 6. Bg2 Nbd7 7. Nge2 a5 8. O-O
O-O 9. h3 Re8 10. f4 Bf8 11. f5 h6 12. g4 Nh7 13. Qe1 Be7 14. Be3 Bg5 15. Qd2
Nc5 16. Bxg5 Qxg5 17. Qxg5 hxg5 18. Rad1 Nf6 19. Kf2 b6 20. Ng1 Bb7 21. Nf3 Nh7
22. Kg3 Rad8 23. Rh1 d5 24. h4 gxh4+ 25. Rxh4 dxe4 26. Rdh1 exf3 27. Rxh7 f6
28. Bxf3 Rxd3 29. Rh8+ Kf7 30. Rxe8 Kxe8 31. Rh8+ Kf7 32. Kf2 Rd4 33. Rb8 Rxc4
34. Ke3 Rd4 35. Ne4 Rd3+ 36. Ke2 Rd7 37. Nxc5 bxc5 38. Ke3 Ke7 39. Be2 Kd6 40.
Bc4 Kc7 41. Rg8 Kb6 42. Be6 Re7 43. Kd2 c4 44. Kc3 Kc5 45. Bxc4 e4 46. Be6 Ba6
47. Rd8 e3 48. Rd4 e2 49. Re4 Rb7 50. b3 Rb4 51. Re3 Rxg4 52. Bc4 Bxc4 53. bxc4
Rg3 54. Rxg3 e1=Q+ 0-1

[Event "Open Nuevo Centro. Jornada 5"]
[Site "Chess.com"]
[Date "2020.07.17"]
[Round "2"]
[White "Fernández Martin, Carlos"]
[Black "Donate Moreno, Silvia"]
[Result "0-1"]
[WhiteElo "1716"]
[BlackElo "2008"]
[PlyCount "106"]
[EventDate "2020.??.??"]

1. e4 c5 2. Nc3 g6 3. g3 Bg7 4. Bg2 Nc6 5. Nh3 d6 6. O-O e6 7. f4 Nge7 8. d3
Bd7 9. Kh1 O-O 10. Ng5 h6 11. Nf3 Nd4 12. Nxd4 cxd4 13. Ne2 Bc6 14. Qe1 Rc8 15.
Qf2 Qb6 16. b3 Bb5 17. Bb2 Rxc2 18. Rab1 Rfc8 19. Rfd1 Nc6 20. Qe1 a5 21. a4
Ba6 22. Ba3 Nb4 23. Bxb4 Qxb4 24. Qxb4 axb4 25. Ng1 R8c3 26. Bf1 Rf2 27. Nh3
Rf3 28. Kg2 Re3 29. Nf2 Rc2 30. Rbc1 Rc3 31. Rb1 d5 32. e5 f6 33. exf6 Bxf6 34.
Rd2 h5 35. Nd1 Bxd3 36. Nxe3 Bxb1 37. Nd1 Be4+ 38. Kg1 Rxb3 39. Bb5 Rb1 40. Kf2
b3 41. Nb2 Bc2 42. Nd3 Rh1 43. Kg2 Ra1 44. Nb2 Ra2 45. Nd3 Bxd3 46. Rxa2 bxa2
47. Bxd3 a1=Q 48. Bxg6 Qxa4 49. Bxh5 d3 50. Kh3 d2 51. Bg4 Kf7 52. Bh5+ Ke7 53.
Bd1 Qxd1 0-1

[Event "Open Nuevo Centro. Jornada 5"]
[Site "Chess.com"]
[Date "2020.07.17"]
[Round "2"]
[White "Movsisyan, Tigran"]
[Black "Pallardo Lozoya, Jose Vicente"]
[Result "1-0"]
[WhiteElo "1876"]
[BlackElo "2220"]
[PlyCount "121"]
[EventDate "2020.??.??"]

1. d4 d6 2. c4 e5 3. e3 Nc6 4. Nc3 g6 5. Be2 Bg7 6. Nf3 Nge7 7. O-O O-O 8. Rb1
Bf5 9. Bd3 exd4 10. exd4 Bg4 11. d5 Nd4 12. Be2 Nxe2+ 13. Qxe2 Nf5 14. Qd3 Re8
15. Bg5 Qd7 16. Ne4 h6 17. Nf6+ Bxf6 18. Bxf6 Kh7 19. Rfe1 Ng7 20. Qc3 Nh5 21.
Bd4 c5 22. dxc6 bxc6 23. h3 Bf5 24. Nh4 Bxb1 25. Rxb1 c5 26. Be3 Qe6 27. Re1
Qe5 28. Qd2 Ng7 29. Nf3 Qh5 30. Kh2 Nf5 31. g4 Nxe3 32. gxh5 Nxc4 33. hxg6+
fxg6 34. Qc3 Rxe1 35. Qxe1 Ne5 36. Nxe5 dxe5 37. Qxe5 Rf8 38. Qe7+ Kg8 39. Qxc5
Kg7 40. Qe5+ Kg8 41. Qe6+ Kg7 42. Qe7+ Rf7 43. Qe5+ Kh7 44. Qd4 h5 45. Kg3 Kh6
46. Qe3+ Kg7 47. Qe5+ Kh7 48. b4 Kg8 49. Qe8+ Kg7 50. Qe5+ Kh7 51. a4 Kh6 52.
b5 g5 53. Qe6+ Kg7 54. h4 g4 55. Qe5+ Kg6 56. Qg5+ Kh7 57. Qxh5+ Kg7 58. Qxg4+
Kf6 59. Qf4+ Ke6 60. Qxf7+ Kxf7 61. Kg4 1-0

[Event "Open Nuevo Centro. Jornada 5"]
[Site "Chess.com"]
[Date "2020.07.17"]
[Round "2"]
[White "Angullo Gil, Jose"]
[Black "Montesinos Diaz, Luis"]
[Result "1-0"]
[WhiteElo "1999"]
[BlackElo "1705"]
[PlyCount "105"]
[EventDate "2020.??.??"]

1. e4 c6 2. c4 d5 3. exd5 cxd5 4. cxd5 Nf6 5. Bb5+ Bd7 6. Bc4 Bf5 7. Nc3 Nbd7
8. d4 a6 9. a4 Nb6 10. Bb3 Nbxd5 11. Nge2 e6 12. O-O Rc8 13. Bg5 Be7 14. h3 O-O
15. Qd2 h6 16. Bh4 Qd7 17. Bg3 Bb4 18. f3 Ba5 19. Bf2 Qc6 20. Rac1 Qb6 21. Ba2
Rfd8 22. Rfd1 Bg6 23. g4 Qd6 24. Bxd5 Nxd5 25. Kg2 Bh7 26. Bg3 Qb6 27. h4 Nb4
28. g5 Nd3 29. Rc2 Bxc3 30. bxc3 Nb4 31. Rb2 a5 32. cxb4 axb4 33. Qxb4 Qxb4 34.
Rxb4 Rc2 35. Kf1 hxg5 36. hxg5 Rdc8 37. Rxb7 Bf5 38. Be5 Ra2 39. Rb4 Rcc2 40.
Re1 Bd3 41. Rb8+ Kh7 42. Kf2 Bxe2 43. Kg3 Bd3 44. Rh1+ Kg6 45. Rg8 Rg2+ 46. Kf4
f6 47. gxf6 Kf7 48. Rxg7+ Rxg7 49. fxg7 Rg2 50. Rh8 Ba6 51. Rf8+ Ke7 52. g8=Q
Rh2 53. Qf7# 1-0

[Event "Open Nuevo Centro. Jornada 5"]
[Site "Chess.com"]
[Date "2020.07.17"]
[Round "2"]
[White "Garcia, Jhoel"]
[Black "Bosch Jordà, Ricard"]
[Result "0-1"]
[WhiteElo "2460"]
[BlackElo "1913"]
[PlyCount "128"]
[EventDate "2020.??.??"]

1. d4 Nf6 2. c4 c5 3. e3 b6 4. d5 d6 5. Nc3 g6 6. Bd3 Bg7 7. Nge2 O-O 8. O-O e6
9. e4 exd5 10. exd5 Nbd7 11. Bf4 Ne5 12. Bxe5 dxe5 13. f4 Re8 14. Qc2 exf4 15.
Rxf4 Nh5 16. Raf1 Nxf4 17. Rxf4 Qg5 18. Ne4 Qe5 19. Qa4 Bf5 20. d6 Rad8 21. Qc6
Qxb2 22. Qd5 Bxe4 23. Bxe4 Qxe2 24. Rxf7 Kh8 25. h3 Bd4+ 26. Kh2 Qxe4 27. Rf8+
Kg7 28. Qxe4 Rxe4 29. Rxd8 Be5+ 30. g3 Rd4 31. d7 Rd2+ 32. Kg1 Bc7 33. Rc8 Rxd7
34. Kf2 Be5 35. Kf3 Bd4 36. Rb8 Rd6 37. g4 Rf6+ 38. Kg3 a6 39. Kg2 b5 40. h4
bxc4 41. Rb7+ Rf7 42. Rb1 c3 43. Rc1 Rf2+ 44. Kg3 Rxa2 45. g5 c2 46. Kf3 a5 47.
h5 gxh5 48. Ke4 a4 49. Kd3 a3 50. g6 hxg6 51. Kc4 Be3 52. Kb3 Bxc1 53. Kxa2 Bb2
54. Kb3 c1=Q 55. Ka2 Qc4+ 56. Kb1 a2+ 57. Kxb2 a1=Q+ 58. Kxa1 h4 59. Kb2 h3 60.
Ka1 h2 61. Kb2 g5 62. Ka3 h1=Q 63. Kb2 Qg2+ 64. Ka3 Qb4# 0-1

[Event "Open Nuevo Centro. Jornada 5"]
[Site "Chess.com"]
[Date "2020.07.17"]
[Round "2"]
[White "Luque Saiz, Andrés"]
[Black "Jordan Martinez, Miguel"]
[Result "1-0"]
[WhiteElo "1943"]
[BlackElo "1661"]
[PlyCount "121"]
[EventDate "2020.??.??"]

1. e4 e6 2. d4 d5 3. Nd2 Nf6 4. e5 Nfd7 5. f4 c5 6. Ngf3 Nc6 7. Nb3 cxd4 8.
Nbxd4 Nxd4 9. Nxd4 Bc5 10. c3 O-O 11. Bd3 g6 12. a4 Qe7 13. O-O f6 14. exf6
Qxf6 15. Be3 a5 16. Qe2 b6 17. Nc6 Bb7 18. Nd4 Rfe8 19. Bb5 Re7 20. Nf3 Rf8 21.
Bxd7 Rxd7 22. Ne5 Rc7 23. Rad1 Ra8 24. Rf3 Ba6 25. Qe1 Rd8 26. Bd4 Bxd4+ 27.
Rxd4 b5 28. Qd1 Rb8 29. Qd2 Kg7 30. g3 Rcb7 31. Nc6 Rc8 32. Nxa5 Ra7 33. b4
bxa4 34. Kg2 Bb5 35. Re3 Rac7 36. Qb2 Bd7 37. Kf3 Qf5 38. Rd2 Qh5+ 39. Kg2 Bb5
40. Re5 Qg4 41. c4 dxc4 42. Qc3 Kf7 43. Rxb5 h5 44. Re5 h4 45. Rde2 h3+ 46. Kf2
Rd8 47. Rxe6 Qxe6 48. Rxe6 Kxe6 49. Qe5+ Kd7 50. Nxc4 Kc8 51. Nd6+ Kb8 52. Nb5
Rd2+ 53. Ke3 Rdc2 54. Nxc7 Rxc7 55. Qb5+ Rb7 56. Qxa4 Re7+ 57. Kd4 Rd7+ 58.
Qxd7 g5 59. Kc5 g4 60. Kb6 Ka8 61. Qb7# 1-0

[Event "Open Nuevo Centro. Jornada 5"]
[Site "Chess.com"]
[Date "2020.07.17"]
[Round "2"]
[White "Reig Albero, Ferran"]
[Black "Chernikov, Vladimir"]
[Result "1-0"]
[WhiteElo "1844"]
[BlackElo "2197"]
[PlyCount "135"]
[EventDate "2020.??.??"]

1. e4 c5 2. Nf3 Nc6 3. d4 cxd4 4. Nxd4 e5 5. Nb5 d6 6. c4 Be7 7. N1c3 a6 8. Na3
f5 9. exf5 Bxf5 10. Bd3 Be6 11. O-O Nf6 12. Nc2 O-O 13. Kh1 Rc8 14. b3 d5 15.
Nxd5 Nxd5 16. cxd5 Qxd5 17. Bc4 Qxd1 18. Bxe6+ Kh8 19. Rxd1 Rc7 20. Be3 Nd8 21.
Rac1 Nxe6 22. Ne1 Rxc1 23. Rxc1 Rd8 24. g3 Kg8 25. Kg2 Kf7 26. Nf3 Bf6 27. Rc4
Rd7 28. Re4 Rd5 29. h3 Nc5 30. Rc4 Ne6 31. g4 g5 32. Rc8 e4 33. Nd2 Nf4+ 34.
Bxf4 gxf4 35. Nxe4 Be7 36. Rc7 Ke6 37. Rxb7 Rd4 38. Kf3 Ba3 39. Rb6+ Kd5 40.
Nc3+ Kc5 41. Rxa6 Rd3+ 42. Kxf4 Bc1+ 43. Kf5 Rxc3 44. g5 Rf3+ 45. Kg4 Rxf2 46.
Ra7 Rg2+ 47. Kf3 Rxg5 48. Rc7+ Kb4 49. Rxc1 Ka3 50. Rc2 Rf5+ 51. Kg4 Rb5 52. h4
h5+ 53. Kf4 Rb4+ 54. Rc4 Rb5 55. b4 Kxa2 56. Rc5 Rxb4+ 57. Kg5 Rb8 58. Kxh5
Rh8+ 59. Kg5 Rg8+ 60. Kf6 Kb3 61. h5 Kb4 62. Rc7 Ra8 63. h6 Ra6+ 64. Kg7 Ra1
65. h7 Rg1+ 66. Kf8 Rf1+ 67. Kg8 Rg1+ 68. Rg7 1-0

[Event "Open Nuevo Centro. Jornada 5"]
[Site "Chess.com"]
[Date "2020.07.17"]
[Round "2"]
[White "Gutierrez Marco, Dario"]
[Black "Garcia Trobat, Francisco"]
[Result "1-0"]
[WhiteElo "1844"]
[BlackElo "2150"]
[PlyCount "119"]
[EventDate "2020.??.??"]

1. e4 c5 2. Nc3 Nc6 3. Bb5 g6 4. Bxc6 bxc6 5. d3 Bg7 6. f4 d6 7. Nf3 Nf6 8. O-O
Ba6 9. Qe1 c4 10. d4 e6 11. f5 e5 12. dxe5 dxe5 13. Bg5 h6 14. Be3 Qc7 15. fxg6
fxg6 16. Qg3 O-O-O 17. Qxe5 Qxe5 18. Nxe5 Nxe4 19. Nxc6 Nxc3 20. Nxa7+ Kc7 21.
bxc3 Bxc3 22. Rab1 Rd7 23. Bb6+ Kd6 24. Rbd1+ Ke6 25. Rxd7 Kxd7 26. Rf7+ Ke6
27. Rc7 Rb8 28. Rc6+ Kd5 29. Kf1 Bd4 30. Bxd4 Rb1+ 31. Kf2 Bb7 32. Rb6 Rc1 33.
Rxb7 Rxc2+ 34. Kf3 Kxd4 35. Nb5+ Kc5 36. a4 Ra2 37. Ra7 Kb4 38. Nd4 Kc3 39.
Ne2+ Kd2 40. a5 Ra3+ 41. Kf2 c3 42. Rd7+ Kc2 43. Rc7 Rxa5 44. Rxc3+ Kd2 45. Rf3
Re5 46. Ng3 g5 47. Nf1+ Kd1 48. Rd3+ Kc2 49. Rd6 Rf5+ 50. Kg1 Re5 51. Rxh6 Kd3
52. Rf6 Ke4 53. g3 Kd3 54. Kg2 Ke2 55. Rf2+ Kd3 56. Nd2 Kc3 57. Nf3 Ra5 58. Re2
Kd3 59. Re5 g4 60. Rxa5 1-0

[Event "Open Nuevo Centro. Jornada 5"]
[Site "Chess.com"]
[Date "2020.07.17"]
[Round "3"]
[White "Blanco Solaz, Ramón"]
[Black "Simó Serrano, Javier"]
[Result "1-0"]
[WhiteElo "1935"]
[BlackElo "932"]
[PlyCount "29"]
[EventDate "2020.??.??"]

1. e4 e5 2. f4 f6 3. fxe5 fxe5 4. Qh5+ g6 5. Qxe5+ Qe7 6. Qxh8 Qxe4+ 7. Kd1
Qg4+ 8. Nf3 d6 9. Qxg8 Be6 10. Bb5+ c6 11. Re1 Nd7 12. Qxe6+ Qxe6 13. Rxe6+ Kd8
14. Ba4 b5 15. Bb3 1-0

[Event "Open Nuevo Centro. Jornada 5"]
[Site "Chess.com"]
[Date "2020.07.17"]
[Round "3"]
[White "Gimenez Saiz, Jose Raul"]
[Black "Aguado, Pablo Luis"]
[Result "1-0"]
[WhiteElo "1557"]
[BlackElo "1901"]
[PlyCount "37"]
[EventDate "2020.??.??"]

1. d4 d5 2. e3 Nf6 3. Bd3 e6 4. Nd2 c5 5. c3 Nc6 6. f4 Bd6 7. Ngf3 O-O 8. O-O
b6 9. Ne5 Qc7 10. g4 cxd4 11. exd4 Nd7 12. g5 f6 13. Bxh7+ Kxh7 14. Qh5+ Kg8
15. g6 Rd8 16. Qh7+ Kf8 17. Qh8+ Ke7 18. Qxg7+ Ke8 19. Qf7# 1-0

[Event "Open Nuevo Centro. Jornada 5"]
[Site "Chess.com"]
[Date "2020.07.17"]
[Round "3"]
[White "Martínez Escandell, Alfonso"]
[Black "Perez Garcia, Jose Miguel"]
[Result "1/2-1/2"]
[WhiteElo "1750"]
[BlackElo "2079"]
[PlyCount "52"]
[EventDate "2020.??.??"]

1. e4 e5 2. Nf3 d6 3. Bb5+ c6 4. Bc4 Be6 5. Bxe6 fxe6 6. d4 exd4 7. Nxd4 e5 8.
Nf3 Qe7 9. O-O Nf6 10. Nc3 Nbd7 11. Bg5 h6 12. Bh4 g5 13. Bg3 Nc5 14. Re1 Ne6
15. b4 Nf4 16. b5 Bg7 17. bxc6 bxc6 18. Rb1 O-O 19. Rb3 Rfb8 20. Qd2 Qc7 21.
Reb1 Ne8 22. Bxf4 gxf4 23. Nh4 Bf8 24. Nf5 Rxb3 25. cxb3 Rb8 26. Qe2 Kh7
1/2-1/2

[Event "Open Nuevo Centro. Jornada 5"]
[Site "Chess.com"]
[Date "2020.07.17"]
[Round "3"]
[White "Montesinos Diaz, Luis"]
[Black "Alvarez Usina, Jordi"]
[Result "1-0"]
[WhiteElo "1708"]
[BlackElo "1307"]
[PlyCount "27"]
[EventDate "2020.??.??"]

1. e4 e5 2. Nf3 Nf6 3. Nxe5 d6 4. Nf3 Nxe4 5. Bc4 Qe7 6. O-O Be6 7. Bxe6 fxe6
8. Re1 Nf6 9. d4 Qf7 10. Ng5 Qg6 11. Rxe6+ Be7 12. Qe2 Nc6 13. d5 Ne5 14. f4
1-0

[Event "Open Nuevo Centro. Jornada 5"]
[Site "Chess.com"]
[Date "2020.07.17"]
[Round "3"]
[White "Marques Montolio, Luis"]
[Black "Zamora Soler, Raul"]
[Result "0-1"]
[WhiteElo "1369"]
[BlackElo "1796"]
[PlyCount "36"]
[EventDate "2020.??.??"]

1. e4 c5 2. Nf3 Nc6 3. d4 cxd4 4. Nxd4 Nf6 5. Nc3 e6 6. f3 Bb4 7. Bd2 Nxd4 8.
a3 Bxc3 9. Bxc3 Nc6 10. Bd3 d5 11. exd5 Qxd5 12. O-O O-O 13. Qe1 Qg5 14. Bd2
Qe5 15. Qd1 Qxb2 16. Qe1 Nd5 17. Qh4 Qd4+ 18. Kh1 Qxh4 0-1

[Event "Open Nuevo Centro. Jornada 5"]
[Site "Chess.com"]
[Date "2020.07.17"]
[Round "3"]
[White "Yuste Valenzuela, Alejandro"]
[Black "Soler Nadal, Jose Antonio"]
[Result "1-0"]
[WhiteElo "1847"]
[BlackElo "1519"]
[PlyCount "43"]
[EventDate "2020.??.??"]

1. e4 c6 2. d4 d5 3. e5 c5 4. dxc5 e6 5. a3 Bxc5 6. b4 Bb6 7. Bb2 Ne7 8. Nf3
O-O 9. Bd3 Ng6 10. O-O Nc6 11. Nbd2 a5 12. b5 Nce7 13. c4 dxc4 14. Nxc4 Bc5 15.
Bxg6 Nxg6 16. Nd6 b6 17. Re1 Bxd6 18. exd6 Bb7 19. Qd4 e5 20. Nxe5 Qg5 21. Nf3
Bxf3 22. Qxg7# 1-0

[Event "Open Nuevo Centro. Jornada 5"]
[Site "Chess.com"]
[Date "2020.07.17"]
[Round "3"]
[White "Randazzo, Adrián"]
[Black "Gimeno Higueras, Roberto"]
[Result "1-0"]
[WhiteElo "2481"]
[BlackElo "2079"]
[PlyCount "43"]
[EventDate "2020.??.??"]

1. e4 c6 2. d4 d5 3. f3 dxe4 4. fxe4 e5 5. Nf3 exd4 6. Bc4 Nf6 7. O-O Nbd7 8.
c3 Be7 9. cxd4 O-O 10. Ng5 Nb6 11. Nxf7 Rxf7 12. Bxf7+ Kxf7 13. e5 Be6 14. exf6
Bxf6 15. Bg5 Nd5 16. Nc3 Kg8 17. Bxf6 Nxf6 18. Qd3 Bf7 19. Rae1 Qd6 20. Ne4
Nxe4 21. Qxe4 Bd5 22. Qe8+ 1-0

[Event "Open Nuevo Centro. Jornada 5"]
[Site "Chess.com"]
[Date "2020.07.17"]
[Round "3"]
[White "Sampedro Roig, Josep Francesc"]
[Black "Cebrián Granado, Guille"]
[Result "1-0"]
[WhiteElo "1685"]
[BlackElo "414"]
[PlyCount "57"]
[EventDate "2020.??.??"]

1. e4 e5 2. Nf3 Nc6 3. Bb5 Nf6 4. O-O d6 5. d4 Be6 6. d5 Be7 7. dxc6 Qd7 8.
cxd7+ Kd8 9. Re1 Rb8 10. Nc3 Rf8 11. h3 Ng8 12. Ba4 Bc4 13. Nd5 Ba6 14. c4 Bxc4
15. Be3 Bxd5 16. Qxd5 Nf6 17. Qc4 Rc8 18. Rac1 c6 19. Bb3 b6 20. Qa4 a6 21.
Rxc6 Rxc6 22. Qxc6 Nxd7 23. Rc1 Rg8 24. Bxf7 Re8 25. Bxe8 Kxe8 26. Qc8+ Kf7 27.
Qxd7 g6 28. Rc7 Kf6 29. Qxe7# 1-0

[Event "Open Nuevo Centro. Jornada 5"]
[Site "Chess.com"]
[Date "2020.07.17"]
[Round "3"]
[White "Jordan Martinez, Miguel"]
[Black "Méndez Giménez, Néstor Emmanuel"]
[Result "1-0"]
[WhiteElo "1675"]
[BlackElo "1158"]
[PlyCount "79"]
[EventDate "2020.??.??"]

1. e4 e6 2. Nc3 d5 3. Nf3 Nf6 4. e5 d4 5. exf6 dxc3 6. fxg7 Bxg7 7. dxc3 Qxd1+
8. Kxd1 Nc6 9. Bb5 O-O 10. Bxc6 bxc6 11. Be3 Ba6 12. Ke1 f5 13. Bd4 e5 14. Bc5
Rfe8 15. Rd1 e4 16. Nd4 e3 17. Nxf5 exf2+ 18. Kxf2 Re2+ 19. Kg3 Be5+ 20. Kh3
Bc8 21. g4 Bxf5 22. gxf5 Re3+ 23. Bxe3 Kf7 24. Rhg1 Kf6 25. Rdf1 h6 26. Bxh6
Rh8 27. Rg6+ Kf7 28. Kg4 Bf6 29. h4 c5 30. Bg5 Bxg5 31. Kxg5 c4 32. Re1 c5 33.
f6 Rd8 34. Rg7+ Kf8 35. h5 Rd5+ 36. Kg6 Rd2 37. h6 Rg2+ 38. Kh7 Rf2 39. f7 Rg2
40. Re8# 1-0

[Event "Open Nuevo Centro. Jornada 5"]
[Site "Chess.com"]
[Date "2020.07.17"]
[Round "3"]
[White "Elenkov Olmo, Ivan"]
[Black "Valero Artagoitia, Sara"]
[Result "1-0"]
[WhiteElo "955"]
[BlackElo "597"]
[PlyCount "49"]
[EventDate "2020.??.??"]

1. e4 e5 2. Nf3 Nc6 3. Bc4 Bc5 4. d3 h6 5. O-O d6 6. Nc3 Bg4 7. Nd5 Nf6 8. Be3
Bb6 9. Bxb6 axb6 10. Nxf6+ Qxf6 11. Qd2 Bxf3 12. gxf3 Qxf3 13. d4 Ra4 14. b3
Ra5 15. dxe5 Nxe5 16. Be2 Qh3 17. Qe3 Ng4 18. Qxh3 Rg5 19. Bxg4 f5 20. exf5 g6
21. fxg6 Rxg6 22. Kh1 Rf8 23. Bd7+ Kd8 24. Ba4 c5 25. Qd7# 1-0

[Event "Open Nuevo Centro. Jornada 5"]
[Site "Chess.com"]
[Date "2020.07.17"]
[Round "3"]
[White "Roca Cruz, Rafael"]
[Black "Cebolla Ruiz, David"]
[Result "1-0"]
[WhiteElo "1832"]
[BlackElo "1510"]
[PlyCount "45"]
[EventDate "2020.??.??"]

1. d4 Nf6 2. c4 g6 3. Nc3 Bg7 4. e4 d6 5. Bg5 O-O 6. Qd2 e5 7. d5 a5 8. Bd3 Na6
9. f3 Nc5 10. Bc2 Qe8 11. Nge2 Nh5 12. g4 Nf6 13. Bh6 b6 14. h4 Ba6 15. b3 a4
16. h5 axb3 17. axb3 Bb7 18. Rb1 Ra3 19. Bxg7 Kxg7 20. hxg6 Ng8 21. gxh7 Nf6
22. Qh6+ Kh8 23. Qxf6# 1-0

[Event "Open Nuevo Centro. Jornada 5"]
[Site "Chess.com"]
[Date "2020.07.17"]
[Round "3"]
[White "Garcia, Jhoel"]
[Black "Hassomal Daswani, Birjkumar"]
[Result "1-0"]
[WhiteElo "2460"]
[BlackElo "1824"]
[PlyCount "103"]
[EventDate "2020.??.??"]

1. g3 d5 2. Bg2 c6 3. c4 e6 4. Nc3 Nf6 5. d4 Be7 6. Nf3 O-O 7. O-O Nbd7 8. b3
a6 9. Bb2 b5 10. e4 dxe4 11. Ng5 bxc4 12. bxc4 Rb8 13. Rb1 c5 14. d5 exd5 15.
cxd5 Bd6 16. Ngxe4 Nxe4 17. Nxe4 Be5 18. Bxe5 Rxb1 19. Qxb1 Nxe5 20. Nxc5 g6
21. Qb8 Bf5 22. Qxd8 Rxd8 23. Nxa6 Ra8 24. Nb4 Ra4 25. Nc6 Nc4 26. Ne7+ Kg7 27.
Nxf5+ gxf5 28. Rc1 Nd2 29. Rc2 Ne4 30. Bxe4 fxe4 31. Rd2 Kf8 32. d6 Ke8 33. d7+
Kd8 34. h4 f5 35. h5 h6 36. Kg2 Ra3 37. Kh3 Rd3 38. Rb2 Kxd7 39. Rb7+ Ke6 40.
Rh7 Rd2 41. Rxh6+ Ke5 42. a4 Rxf2 43. Rh8 Ra2 44. Ra8 Kf6 45. a5 Kf7 46. h6 e3
47. h7 Ra1 48. Kg2 e2 49. h8=Q e1=Q 50. Rf8+ Kg6 51. Rf6+ Kg5 52. Qh4# 1-0